00755 2200217 4500001002100000005001700021008004100038035002400079082001100103090001800114110008100132245018500213250001100398260003300409300001900442650002800461850001200489980001500501985000600516999001500522YOGYA-0209000006227720090227040029.0 ind  0010-020900000062277 a899.23 a899.23bPus B aPUSAT PEMBINAAN DAN PENGEMBANGAN BAHASA DEPARTEMEN PENDIDIKAN DAN KEBUDAYAAN aBaktikubKumpulan karangan hasil sayembara mengarang dalam bahasa Indonesia untuk SLTA tahun 1975/1976cPusat Pembinaan dan Pengembangan Bahasa Departemen Pendidikan dan kebudayaan aCet. 1 aJakartabBalai Pustakac1978 a180 hlmc21 cm aKesusasteraan Indonesia aYOPDYOG a06-02-2008 a1 aP000000151